Ética primera. Aportación de X. Zubiri al debate ético contemporáneo

Gespeichert in:
Bibliographische Detailangaben
1. Verfasser: Corominas, Jordi
Format: Unbekannt
Sprache:Englisch
Veröffentlicht: Bilbao, España. Desclée De Brouwer, 2000
Schriftenreihe:Palimpsesto Derechos humanos y desarollo 5
Schlagworte:
Tags: Tag hinzufügen
Keine Tags, Fügen Sie den ersten Tag hinzu!

MARC

LEADER 00000 a2200000 4500
003 CL-VaPUC
005 20220319074528.0
008 201202b ||||| |||| 00| 0 eng d
999 |c 431969  |d 431967 
020 |a 978-8433014573 
040 |c Pontificia Universidad Católica de Valparaíso 
082 |a 170 COR 2000 
100 |a Corominas, Jordi   |9 857300 
245 |a Ética primera. Aportación de X. Zubiri al debate ético contemporáneo  
260 |a Bilbao, España.   |b Desclée De Brouwer,  |c 2000 
300 |a 405 páginas  
490 |a Palimpsesto   |a  Derechos humanos y desarollo   |v 5 
583 |k Cristina Rojas  |c 20201202 
650 0 |a Ética  |9 255099 
942 |2 ddc  |c BK 
952 |0 0  |1 0  |2 ddc  |4 0  |6 170_000000000000000_COR_2000  |7 0  |8 A  |9 577021  |a BIBEDU  |b BIBEDU  |d 2020-11-27  |e 3  |g 23016.00  |i 5578906  |o 170 COR 2000  |p 5578906  |r 2020-11-27  |t 1  |v 23016.00  |w 2020-11-27  |y BK  |k EBA